Miraculous - Générique (Paroles) - Statistiques

Statistiques générales
  • Ce quiz a été pris 648 fois
  • Le résultat moyen est 85 sur 143
Statistiques - réponses
Paroles % Correct
je
92%
Je
92%
La
87%
la
87%
Lady
83%
Miraculous
80%
Et
76%
et
76%
des
75%
Noir
75%
Chat
74%
cœur
74%
le
74%
un
73%
du
69%
C'est
68%
me
68%
Chance
67%
chance
67%
Magique
67%
magique
67%
mon
65%
Mon
65%
Adrien
61%
Paris
61%
Amour
60%
cas
60%
en
60%
moi
60%
Papillon
60%
aime
59%
ne
59%
pas
59%
quand
59%
J'ai
58%
Mystère
58%
d'urgence
57%
Pour
57%
pour
57%
toujours
57%
Être
56%
pouvoirs
56%
étrange
55%
histoire
55%
présent
55%
ange
54%
magie
54%
n'est
54%
deviens
53%
héroïque
53%
noire
53%
plutôt
53%
Ladybug
52%
porte-bonheur
52%
destin
51%
chassé-croisé
50%
chassé-croissé
50%
désespère
50%
qui
50%
Une
47%
victoire
46%
fais
45%
j'en
45%
peur
45%
rien
45%
serment
45%
bagarre
44%
d'aimer
44%
elle
44%
éperdument
44%
son
43%
m'aimer
42%
peut
42%
superpuissants
41%
Celle
39%
vit
39%
Mais
36%
que
27%
lui
23%
lorsque
22%
veut
17%
Aucun quiz correspondant
Distribution des résultats
% des personnes avec chaque résultat
Percentile par nombre de réponses
Votre historique - résultats
Vous n’avez pas pris ce quiz